[Event "Voronezh op-B 22nd"]
[Site "Voronezh"]
[Date "2018.06.20"]
[Round "9"]
[White "Netsvetaev, Kirill"]
[Black "Pak, Nikita"]
[Result "0-1"]
[WhiteElo "1536"]
[BlackElo "1870"]
[PlyCount "68"]
[EventDate "2018.06.12"]
[EventType "swiss"]
[EventRounds "9"]
[EventCountry "RUS"]
[SourceTitle "CBM 185 Extra"]
[Source "ChessBase"]
[SourceDate "2018.07.29"]
[SourceVersion "1"]
[SourceVersionDate "2018.07.29"]
[SourceQuality "1"]

1. d4 Nf6 2. c4 g6 3. Nc3 d5 4. cxd5 Nxd5 5. e4 Nxc3 6. bxc3 Bg7 7. Be3 0-0 8. Bc4 c5 9. Ne2 Nc6 10. Qd2 Qc7 11. Rc1 Rd8 12. 0-0 e6 13. Rfe1 Ne5 14. Bf4 Qa5 15. Bxe5 Bxe5 16. Qg5 cxd4 17. f4 Bc7 18. Qxa5 Bxa5 19. cxd4 Bd7 20. Kf2 Rac8 21. Ke3 Bb6 22. Bd3 f6 23. Rxc8 Bxc8 24. Bc4 Kf8 25. Kd3 Bd7 26. Rb1 Ke7 27. Bb5 Bc6 28. Bxc6 bxc6 29. Kc4 e5 30. fxe5 fxe5 31. Rd1 Ke6 32. d5+ cxd5+ 33. Rxd5 Rf8 34. Nc1 Rc8+ 0-1

[Event "Voronezh op-B 22nd"]
[Site "Voronezh"]
[Date "2018.06.14"]
[Round "3"]
[White "Tatarinova, Elena"]
[Black "Netsvetaev, Kirill"]
[Result "1/2-1/2"]
[WhiteElo "1797"]
[BlackElo "1536"]
[PlyCount "81"]
[EventDate "2018.06.12"]
[EventType "swiss"]
[EventRounds "9"]
[EventCountry "RUS"]
[SourceTitle "CBM 185 Extra"]
[Source "ChessBase"]
[SourceDate "2018.07.29"]
[SourceVersion "1"]
[SourceVersionDate "2018.07.29"]
[SourceQuality "1"]

1. c4 e5 2. Nc3 Nf6 3. g3 d5 4. cxd5 Nxd5 5. Bg2 Nb6 6. Nf3 Nc6 7. Rb1 f6 8. 0-0 Be6 9. d3 Be7 10. Be3 0-0 11. d4 exd4 12. Nxd4 Nxd4 13. Bxd4 c6 14. f4 Qc7 15. Qc2 Rad8 16. Bf2 f5 17. e4 fxe4 18. Bxe4 h6 19. Nb5 Qb8 20. Nd4 Bxa2 21. Rbe1 Bb4 22. b3 c5 23. Bh7+ Kh8 24. Ne6 Bxe1 25. Rxe1 Bxb3 26. Qxb3 Kxh7 27. Qc2+ Kh8 28. Qg6 Rg8 29. Nxd8 Qxd8 30. Bxc5 Qd2 31. Rb1 Rc8 32. Qe4 Qc3 33. Bd4 Qc6 34. Qe7 Qg6 35. f5 Qg4 36. Ba1 Nd5 37. Qe6 Rd8 38. Qxh6+ Kg8 39. Qe6+ Kh8 40. Qh6+ Kg8 41. Qe6+ 1/2-1/2

[Event "Voronezh op-B 22nd"]
[Site "Voronezh"]
[Date "2018.06.12"]
[Round "1"]
[White "Netsvetaev, Kirill"]
[Black "Pokhlebin, Sergej"]
[Result "0-1"]
[WhiteElo "1536"]
[BlackElo "1898"]
[PlyCount "68"]
[EventDate "2018.06.12"]
[EventType "swiss"]
[EventRounds "9"]
[EventCountry "RUS"]
[SourceTitle "CBM 185 Extra"]
[Source "ChessBase"]
[SourceDate "2018.07.29"]
[SourceVersion "1"]
[SourceVersionDate "2018.07.29"]
[SourceQuality "1"]

1. d4 d5 2. c4 e6 3. Nf3 c6 4. g3 dxc4 5. a4 b5 6. Bg2 Bb7 7. 0-0 Nf6 8. b3 cxb3 9. Qxb3 b4 10. Bg5 a5 11. Bxf6 Qxf6 12. Nc3 c5 13. Nb5 Na6 14. Ne5 Bxg2 15. Kxg2 cxd4 16. Qc4 Bc5 17. Nc7+ Nxc7 18. Qxc5 Qd8 19. Kg1 Nd5 20. Nc4 Qc7 21. Qxd4 0-0 22. Rfc1 Nc3 23. Rc2 Rfd8 24. Qg4 Qc5 25. Ne3 Rd4 26. Qf3 Rad8 27. h3 b3 28. Rb2 Rb4 29. Ra3 Rdb8 30. Nf1 h6 31. Nd2 Qd4 32. Raxb3 Rxb3 33. Rxb3 Rxb3 34. Nxb3 Qd1+ 0-1